De las enfermedades wagnerianas de su tratamiento y de su curacion (Record no. 153373)
[ view plain ]
| 000 -LEADER | |
|---|---|
| campo de control de longitud fija | 01010nam a2200181 i 4500 |
| 001 - NÚMERO DE CONTROL | |
| campo de control | 153373 |
| 003 - IDENTIFICADOR DE NÚMERO DE CONTROL | |
| campo de control | ES-MaACL |
| 005 - FECHA Y HORA DE LA ÚLTIMA TRANSACCIÓN | |
| campo de control | 20230906205210.0 |
| 008 - DATOS DE LONGITUD FIJA--INFORMACIÓN GENERAL | |
| campo de control de longitud fija | 961128s1894 sp |||| | spa d |
| 040 ## - FUENTE DE CATALOGACIÓN | |
| Centro catalogador/agencia de origen | CARM |
| Lengua de catalogación | spa |
| Centro/agencia transcriptor | CCPB | SIC |
| 100 1# - ENTRADA PRINCIPAL--NOMBRE DE PERSONA | |
| Nombre de persona | Cuniculus |
| Títulos y otros términos asociados al nombre | Dr. |
| 9 (RLIN) | 126671 |
| 245 10 - MENCIÓN DEL TÍTULO | |
| Título | De las enfermedades wagnerianas de su tratamiento y de su curacion |
| Resto del título | : Obra histórica, filosofica, médica y benéfica / |
| Mención de responsabilidad, etc. | escrita en francés... traducida al castellano y anotada por el Dr. Lapin autor de la alocucion que la precede y de la coda que le sigue. |
| 260 ## - PUBLICACIÓN, DISTRIBUCIÓN, ETC. | |
| Lugar de publicación, distribución, etc. | Mantua Carpetanorum : |
| Nombre del editor, distribuidor, etc. | M.V., |
| Fecha de publicación, distribución, etc. | 1894 ( |
| Fabricante | Oficina de la Viuda é Hijos de Manuel Tello) |
| 300 ## - DESCRIPCIÓN FÍSICA | |
| Extensión | 21 p. ; |
| Dimensiones | 19 cm. |
| 500 ## - NOTA GENERAL | |
| Nota general | Edición única de 100 ejemplares numerados. |
| 700 11 - ENTRADA AGREGADA--NOMBRE PERSONAL | |
| Nombre de persona | Lapin |
| Títulos y otros términos asociados al nombre | , Dr. |
| 9 (RLIN) | 128683 |
| 852 ## - LOCALIZACIÓN | |
| Ubicación | ES-MaACL |
| Número de control de estantería | T-723-F-2 |
| Nota libre | -- Enc. hol., conservando la cub. original |
| -- | -- Donado por Mariano Vergara |
| -- | -- Enc. en un vol. facticio |
| Encuadernación | -- Edic.: según el catálogo de la Biblioteca del Ateneo el autor podría ser Mariano Vergara |
| Estatus retirado | Estado de pérdida | Estado de daño | No para préstamo | Colección | Biblioteca de origen | Biblioteca actual | Ubicación en estantería | Fecha de adquisición | Total de préstamos | Signatura topográfica completa | Código de barras | Visto por última vez | Precio de reemplazo | Tipo de ítem Koha |
|---|---|---|---|---|---|---|---|---|---|---|---|---|---|---|
| Colección de folletos | Biblioteca del Ateneo de Madrid | Biblioteca del Ateneo de Madrid | Depósito folletos | 17/01/2008 | T-723-F-2 | 1160287 | 23/02/2023 | 23/02/2023 | Folleto |
